000 00548cam a2200217 4500
001 1746532
005 20180125092106.0
008 720229s1972 nyua b 001 0 eng
010 _a 75146619
040 _aDLC
_cDLC
_dDLC
041 _aeng
080 _a633 HUG
082 0 0 _a633 HUG
100 1 _a9
101 _aMJE
245 1 0 _aCrop production
_c[by] Harold D. Hughes [and] Darrel S. Metcalfe.
350 _a$12.95
504 _aIncludes bibliographies.
906 _a7
_bcbc
_corignew
_d2
_encip
_f19
_gy-gencatlg
942 _2ddc
_cBK
999 _c40983
_d40983